The end of ideology debate
Saved in:
| Other Authors: | |
|---|---|
| Format: | Book |
| Language: | English |
| Published: |
New York :
Funk & Wagnalls,
[1969, c1968]
|
| Subjects: | |
| Tags: |
Add Tag
No Tags, Be the first to tag this record!
|
MARC
| LEADER | 00000cam a2200000 a 4500 | ||
|---|---|---|---|
| 001 | 1/113446 | ||
| 008 | 170322t19691968nyu| ||| |||| ||eng|| | ||
| 040 | |a GR-MyUa |b gre |c GR-MyUa |e AACR2 | ||
| 041 | 0 | |a eng | |
| 082 | 7 | |a 320.01 |2 (23) | |
| 245 | 0 | 4 | |a The end of ideology debate / |c edited, with an introduction by Chaim I. Waxman. |
| 260 | |a New York : |b Funk & Wagnalls, |c [1969, c1968] | ||
| 300 | |a 397 σ. ; |c 21 εκ. | ||
| 504 | |a Βιβλιογραφία: σ. 8-9. | ||
| 650 | 0 | |a Social action. | |
| 650 | 0 | |a Political sociology. | |
| 650 | 0 | |a Ideology. | |
| 700 | 1 | |a Waxman, Chaim I., |d 1941- |e edt | |
| 852 | |a INST |b LESVOS |e 20170322 |h 320.01 WAX |p 005100058950 |q 005100058950 |t BK |y 0 | ||
| 970 | |a Τζαφέρη |b Ευαγγελία |z 23-03-2017 | ||